00197nam a22000977a 4500040000700000082000800007100000700015245004500022260002200067300001000089 cSK a639 aNA aFeed management in intensive aquaculture aNEW YORK bNAcNA a194p.